ÇOCUK PADİŞAH 1 (Record no. 729275)

MARC details
000 -LEADER
sabit uzunluktaki kontrol alanı 00238nam a2200097Ia 4500
001 - KONTROL NUMARASI
kontrol alanı 729275
005 - EN SON İŞLEMİN TARİH VE ZAMANI
kontrol alanı 20250826163524.0
008 - SABİT-UZUNLUKTA VERİ ÖĞELERİ--GENEL BİLGİ
sabit uzunluktaki kontrol alanı 250824s9999 xx 000 0 und d
245 #0 - ESER / YAZAR
ESER ADI ÇOCUK PADİŞAH 1
Yazar Adı M.HALUK YELMEN
260 ## - YAYIN, DAĞITIM, VB.
YAYIN EVİ BU YAYINEVİ
Holdings
Düşüm durumu Kayıp durumu Hasar Durumu Ödünç verilmez Ana kütüphane Geçerli Kütüphane Edinilen tarih Toplam ödünç verme sayısı Barkod Son görüntüleme tarihi Fiyatın geçerli olmaya başladığı tarih Koha materyal türü Sınıflandırma Kaynağı veya raf şeması Tam yer numarası Son ödünç verme tarihi
        MAREŞAL MUSTAFA KEMAL ORTAOKULU MAREŞAL MUSTAFA KEMAL ORTAOKULU 24.11.2025 1 106516859 01.12.2025 24.11.2025 Books Dewey Ondalık Sınıflama Q9 24.11.2025
        MUHAMMET HAMDİ YAZIR İMAM HATİP ORTAOKULU MUHAMMET HAMDİ YAZIR İMAM HATİP ORTAOKULU 24.08.2025   10264260 26.08.2025 26.08.2025 Books